Electromechanics and electric machines

Guardat en:
Dades bibliogràfiques
Autors principals: Nasar, Syed Abu (Autor), Unnewehr, L. E (Autor)
Format: Llibre
Idioma:anglès
Publicat: Nueva York John Wiley 1979
Matèries:
Etiquetes: Afegir etiqueta
Sense etiquetes, Sigues el primer a etiquetar aquest registre!

MARC

LEADER 00000nam a2200000 a 4500
001 UCU5325
003 CL-VaPUC
008 960531e19790000US |||||||||||||||||eng|d
082 0 4 |a 621.313  |b NAS  |2 21 
100 |a Nasar, Syed Abu  |e author  |9 476076 
700 0 |a Unnewehr, L. E  |e author  |9 363292 
245 1 0 |a Electromechanics and electric machines 
300 |a 442 p 
942 |c BK 
945 |d 19960531 00:00:00  |a paguirre 
260 |a Nueva York  |b John Wiley  |c 1979 
650 0 |a Motores eléctricos   |9 260085 
650 0 |a Corrientes eléctricas   |9 354960 
650 0 |a Voltaje   |9 362861 
650 0 |a Transformadores  |9 345471 
650 0 |a Circuitos eléctricos   |9 260262 
583 |a last modification  |c 19960531 00:00:00  |k Rodrigo Vera 
999 |c 248730  |d 248728